00947cam a2200217 a 450000100100000000500170001000800410002702000300006804000180009808200190011610000390013524501480017424600360032226000570035830000340041550400540044960000550050391000340055895201220059299900150071400000693620200929154027.0080624s2002 mx ab b f001 0 spa  a9701881974z9789701881974 aDO-SdBNPcDLC a923.272bG152R1 aRíos Ruiz, Arturo,d1947-91924210aDe la nobleza europea :bel príncipe Hermenegildo Galeana : lo desconocido del héroe de la independencia de México /cArturo Ríos Ruiz.14aPríncipe Hermenegildo Galeana aMéxico :bInstituto Politécnico Nacional,c2002. a253 p. :bil., maps ;c21 cm. aIncluye referencias bibliográfica (p. 233-235).10aGALEANA, HERMENEGILDO,d1762-1814xFAMILIA.919243 aCatalogación por copia / LC 001052708MOaGRbGRcCTd2009-09-03iLF1l0o923.272 G152Rp6936-10r2020-06-25w2020-06-25y2ZPréstamo interno c6720d6720